Score 0/100 Timer 15:00
0 Plays Today
Position % Correct
1Erik
95%
66Eric
95%
3Karl
92.5%
8Carl
92.5%
43David
85%
93Dan
85%
5Johan
82.5%
22Alexander
82.5%
60Marcus
82.5%
2Lars
80%
4Anders
80%
13Peter
80%
19Daniel
80%
6Per
77.5%
16Sven
77.5%
17Fredrik
77.5%
9Mikael
75%
33Thomas
75%
50William
75%
55Michael
75%
68Tomas
75%
26Martin
72.5%
29John
72.5%
51Oskar
72.5%
64Oscar
72.5%
10Jan
70%
14Olof
70%
27Andreas
70%
28Stefan
70%
35Henrik
70%
11Hans
67.5%
94Rickard
67.5%
21Gustav
65%
25Magnus
65%
Position % Correct
30Mats
65%
41Robert
65%
58Christian
65%
61Gustaf
65%
78Adam
65%
7Nils
62.5%
23Göran
62.5%
34Björn
62.5%
69Viktor
62.5%
89Jonathan
62.5%
20Bo
60%
49Mattias
60%
96Olle
60%
44Emil
57.5%
57Simon
57.5%
72Niklas
57.5%
82Filip
57.5%
95Alf
57.5%
56Joakim
55%
71Tobias
55%
12Lennart
52.5%
36Jonas
52.5%
47Stig
52.5%
54Patrik
52.5%
62Sebastian
52.5%
63Anton
52.5%
76Elias
52.5%
90Albin
52.5%
24Åke
50%
46Håkan
47.5%
74Hugo
47.5%
98Oliver
47.5%
18Bengt
45%
70Johannes
45%
Position % Correct
83Kenneth
45%
88Arvid
45%
92Sten
45%
15Gunnar
42.5%
32Ulf
42.5%
37Axel
42.5%
38Bertil
42.5%
84Gösta
42.5%
53Tommy
40%
65Ingvar
40%
87Linus
40%
42Ingemar
37.5%
59Roger
37.5%
85Ali
37.5%
31Leif
35%
79Robin
35%
91Kurt
35%
39Christer
32.5%
73Kent
30%
40Arne
27.5%
80Jörgen
27.5%
86Wilhelm
27.5%
97Vilhelm
27.5%
99Claes
27.5%
48Rolf
25%
67Olov
22.5%
77Emanuel
22.5%
52Roland
20%
100Torbjörn
17.5%
45Kjell
12.5%
75Ove
12.5%
81Rune
12.5%
Remove Ads.
Support Sporcle.
Get the best of Sporcle when you Go Orange. This ad-free experience offers more features, more stats, and more fun while also helping to support Sporcle. Thank you for becoming a member.

You're not logged in!

Compare scores with friends on all Sporcle quizzes.
OR
Log In

Show Comments

Extras

Created Sep 27, 2019ReportNominate
Tags:2019, common, male, position, Swedish

Top Quizzes Today


Score Distribution

Your Account Isn't Verified!

In order to create a playlist on Sporcle, you need to verify the email address you used during registration. Go to your Sporcle Settings to finish the process.

Report this User

Report this user for behavior that violates our Community Guidelines.

Details: